000
00260nam a22000857a 4500
008
170112b xxu||||| |||| 00| 0 eng d
100
_9
2353
_a
Kumar. S
245
_a
The land of thus & so: Literature Reader & teachers copy-6
260
_a
New Delhi
_b
Frank Brothers
_c
2007
999
_c
5303
_d
5303